| 000 | 00934nam0a22002891 4500 | ||
|---|---|---|---|
| 001 | v19\rc\1331051 | ||
| 005 | 20250618065746.0 | ||
| 035 | _a(NLR Aleph) 004482187 | ||
| 090 |
_a4610648 _c4610648 |
||
| 100 | _a20060512d1848 |||y0rusy50 ca | ||
| 101 | 0 | _arus | |
| 102 | _aRU | ||
| 105 | _ac z |||a| | ||
| 200 | 1 |
_aРассказ о Наполеоне _fПередел. с фр. Б. Мордвинов |
|
| 210 |
_aСанкт-Петербург _cтип. Б. Мордвинова _d1848 |
||
| 215 |
_a[2], 32 с. _cпортр. _d24 |
||
| 316 |
_aЭкземпляр РНБ (18.94.2.534): утрачен _5NLR: 18.94.2.534 |
||
| 702 | 0 |
_aНаполеон _cфр. имп. _dI _f1769-1821 _4570 |
|
| 801 | 0 |
_aRU _bNLR _gpsbo |
|
| 801 | 0 |
_aRU _bRuMoRGB _2psbo |
|
| 801 | 1 |
_aRU _bProSoft-M _2rusmarc |
|
| 852 |
_aNLR _j18.94.2.534 |
||
| 899 |
_aRuMoRGB _jV 126/188 |
||
| 899 | _aБАН | ||
| 899 | _aНБ СПбГУ | ||
| 942 | _cBOOK | ||
| 980 | _aNB | ||